Sports Quiz

Random Sports or Color Quiz

FBS Teams by Color Quiz Stats

 Plays Quiz not verified by Sporcle

Challenge
Share
Tweet
Embed
Score 0/120 Timer 15:00
0 Plays Today
Colors School % Correct
Blue and WhiteDuke
85.2%
Scarlet and GreyOhio State
82.4%
OrangeTennessee
76%
Red and BlackCincinnati
63.6%
Orange, Green, and WhiteMiami
59.5%
OrangeSyracuse
59.5%
Orange and BlackOklahoma State
58.6%
ScarletRutgers
55.6%
Green and GoldSouth Florida
51.5%
Red, White, Black, and GoldMaryland
50.7%
Blue and GoldNavy
48.7%
Brown and GoldWyoming
47.3%
Crimson and WhiteAlabama
45.6%
Blue and WhitePenn State
44.2%
Maize and BlueMichigan
43.9%
Orange and Navy BlueIllinois
43.8%
Green and WhiteMichigan State
43.5%
Crimson and Cream Oklahoma
43.5%
Cardinal Red and WhiteStanford
43.5%
Cream and CrimsonIndiana
42.7%
Cardinal Red and WhiteArkansas
41.9%
Harvard Crimson and Yale BlueOle MIss
40.8%
Burt Orange and WhiteTexas
40.5%
Garnet and GoldFlorida State
40.1%
Blue and GoldNotre Dame
39.8%
Green and YellowOregon
39.8%
Carolina Blue and WhiteNorth Carolina
39.6%
Orange and BlueFlorida
39%
Green and GoldBaylor
37.9%
Black and GoldIowa
37.6%
Green and WhiteNorth Texas
37.4%
Orange and Navy BlueAuburn
37.3%
Royal PurpleKansas State
37.3%
Maroon and GoldMinnesota
37%
Cardinal and WhiteWisconsin
37%
Blue and GoldUCLA
37%
Purple and GoldWashington
36.5%
Old Gold and BlackPurdue
36.1%
Maroon and WhiteMississippi State
35.9%
Cardinal and GoldSouthern California
35.7%
Colors School % Correct
Purple and GoldLSU
35.6%
Garnet and BlackSouth Carolina
35.4%
Crimson and GreyWashington State
34.1%
Orange and RegaliaClemson
33.7%
Red and BlackLouisville
33.7%
Old Gold and BlueWest Virginia
33.7%
Red and BlackGeorgia
33.6%
Midnight Blue and GoldToledo
33.6%
Purple and WhiteNorthwestern
33.1%
Cardinal and GoldIowa State
32.4%
White and Old GoldGeorgia Tech
32%
Black and GoldSouthern Miss
32%
Scarlet and CreamNebraska
32%
Blue and WhiteKentucky
31.7%
Cherry and SilverNew Mexico
31.7%
Maroon and GoldArizona State
31%
Blue and GreyMemphis
30.8%
Red and WhiteNorth Carolina State
30.7%
Black and GoldVanderbilt
30%
Maroon and WhiteTexas A&M
29.7%
Blue and GreyRice
29.4%
Blue and WhiteConnecticut
29%
Cardinal Red and Navy BlueArizona
28.8%
Green and WhiteEastern Michigan
27.9%
Yale Blue and California GoldCalifornia
27.6%
Black and GoldMissouri
27.4%
Chicago Maroon and Burnt OrangeVirginia Tech
27.3%
Old Gold and BlackWake Forest
27%
Purple and GoldEast Carolina
26.8%
Blue, Crimson, Yellow, and GreyKansas
26.8%
Green and GoldColorado State
25.6%
Orange and BlackOregon State
25.6%
Silver and GoldColorado
25.4%
Black, Grey, and GoldArmy
24%
Olive Green and Sky BlueTulane
23.6%
Green and WhiteMarshall
23.4%
Purple and WhiteTCU
23.3%
Green and BlackHawaii
23.1%
Cardinal and BlackNorthern Illinois
23%
Scarlet and BlackTexas Tech
22.8%
Colors School % Correct
Blue and WhiteBuffalo
22.7%
Scarlet Red and Albino WhiteHouston
22.5%
Blue and GoldPittsburgh
21.7%
Orange and Navy BlueVirginia
21.6%
Dark Blue, White, and TanBYU
21.6%
Orange, Blue, White, and SilverUTEP
21.3%
Aggie Blue and Fighting WhiteUtah State
20.8%
Maroon and GoldBoston College
19.1%
Black and ScarletSan Diego State
18.8%
Red and WhiteMiami
18.6%
Blue and OrangeBoise State
18.6%
Harvard Crimson and Yale BlueSMU
18%
Old Gold, Royal Blue, Yellow, and CrimsonTulsa
17.7%
Maroon and GoldCentral Michigan
17.6%
Navy Blue and GoldKent State
17.1%
Hunter Green and WhiteOhio
17.1%
Cardinal and WhiteBall State
16.9%
Black and Old GoldCentral Florida
16.2%
Black and GoldIdaho
16%
Gold, Blue, and WhiteSan Jose State
16%
Blue and SilverAir Force
14.9%
Blue and SilverNevada
14.6%
Orange and BrownBowling Green
13.7%
Crimson and WhiteNew Mexico State
13.7%
Brown and GoldWestern Michigan
13.4%
Tech Blue and RedLouisiana Tech
12.9%
Scarlet and GreyUNLV
11.9%
Cardinal, Black, and SilverTroy
11.7%
Cardinal and BlueFresno State
11.7%
Red and WhiteWestern Kentucky
11.6%
Crimson and WhiteUtah
11.6%
Scarlet and BlackArkansas State
11.4%
Forest Green and GoldUAB
10.6%
Maroon and GoldLouisiana Monroe
10.6%
Blue and GoldFlorida International
10.3%
Blue, Red, and SilverFlorida Atlantic
10.2%
Blue and GoldAkron
10.2%
Vermillion and WhiteLouisiana Lafayette
8.5%
Cherry and WhiteTemple
7.4%
Royal Blue and WhiteMiddle Tennessee State
5.7%

You're not logged in!

Compare scores with friends on all Sporcle quizzes.
Join for Free
OR
Log In

You Might Also Like...

Show Comments

Extras

Created Jan 23, 2010ReportNominate
Tags:Color Quiz, FBS, school, team

Top Quizzes Today


Score Distribution

Your Account Isn't Verified!

In order to create a playlist on Sporcle, you need to verify the email address you used during registration. Go to your Sporcle Settings to finish the process.

Report this User

Report this user for behavior that violates our Community Guidelines.

Details: